ბათუმის შოთა რუსთაველის სახელმწიფო უნივერსიტეტის ბიბლიოთეკა

Избранные произведения : B - 3х томах (ბიბ.ჩანაწერი № 59262)

000 -LEADER
fixed length control field 00771nam a22001817a 4500
005 - DATE AND TIME OF LATEST TRANSACTION
control field 20221226121015.0
008 - FIXED-LENGTH DATA ELEMENTS--GENERAL INFORMATION
fixed length control field 221226s1976ru xxu||||| |||| 00| 0 rus d
041 ## - LANGUAGE CODE
Language code of text/sound track or separate title rus
080 ## - UNIVERSAL DECIMAL CLASSIFICATION NUMBER
Universal Decimal Classification number 821.161.1 Ч-56
100 ## - MAIN ENTRY--PERSONAL NAME
Personal name Чехов, Антон
9 (RLIN) 16583
245 ## - TITLE STATEMENT
Title Избранные произведения : B - 3х томах
Remainder of title Том 1: Рассказы и повести 1880-1888 гг. /
Statement of responsibility, etc. Антон Чехов, Ред : А. Баворенко
264 ## - PRODUCTION, PUBLICATION, DISTRIBUTION, MANUFACTURE, AND COPYRIGHT NOTICE
Place of production, publication, distribution, manufacture Москва :
Name of producer, publisher, distributor, manufacturer Худож. лит,
Date of production, publication, distribution, manufacture, or copyright notice 1976.
300 ## - PHYSICAL DESCRIPTION
Extent 477 ст,
Other physical details 22 см.
653 ## - INDEX TERM--UNCONTROLLED
keyword Избранные произведения
653 ## - INDEX TERM--UNCONTROLLED
keyword შერჩეული ნაწარმოებები
700 ## - ADDED ENTRY--PERSONAL NAME
Personal name Баворенко, А
Relator term რედაქტორი
9 (RLIN) 16584
942 ## - ADDED ENTRY ELEMENTS (KOHA)
Source of classification or shelving scheme
Koha item type წიგნი
ეგზემპლარები
Withdrawn status Lost status Source of classification or shelving scheme Damaged status Not for loan Permanent Location Current Location Shelving location Date acquired Cost, normal purchase price Full call number Barcode Date last seen Copy number Price effective from Koha item type Public note
          ბათუმის შოთა რუსთაველის სახელმწიფო უნივერსიტეტის მთავარი ბიბლიოთეკა ბათუმის შოთა რუსთაველის სახელმწიფო უნივერსიტეტის მთავარი ბიბლიოთეკა წიგნსაცავი 2022-12-26 8.00 821.161.1 Ч-56 63392 2022-12-26 63392 2022-12-26 წიგნი 8.00